000 00307nam a22001337a 4500
008 170608b xxu||||| |||| 00| 0 eng d
020 _a9780345383044
041 _aeng
080 _a327
100 _a18
101 _aSHH
245 _aTERRORISM CHALLENGE TO DEMOCRACY
_cBARBER.B.R
942 _2udc
_cBK
999 _c16454
_d16454